Make peace happen: strengthening political governance for peace, security and stability in Africa (Record no. 49710)

MARC details
000 -LEADER
fixed length control field 00634nam a2200145 a 4500
008 - FIXED-LENGTH DATA ELEMENTS--GENERAL INFORMATION
fixed length control field 120724s2012 ||||||||||||||||| || u
050 ## - LIBRARY OF CONGRESS CALL NUMBER
Classification number ACCORD(02)2012/1
110 ## - MAIN ENTRY--CORPORATE NAME
Corporate name or jurisdiction name as entry element African Centre for the Constructive Resolution of Disputes (ACCORD)
245 10 - TITLE STATEMENT
Title Make peace happen: strengthening political governance for peace, security and stability in Africa
260 ## - PUBLICATION, DISTRIBUTION, ETC.
Place of publication, distribution, etc. Durban
Name of publisher, distributor, etc. ACCORD
Date of publication, distribution, etc. 2012
300 ## - PHYSICAL DESCRIPTION
Extent 52p.: ill.
650 ## - SUBJECT ADDED ENTRY--TOPICAL TERM
Topical term or geographic name entry element GOOD GOVERNANCE--AFRICA
856 ## - ELECTRONIC LOCATION AND ACCESS
Uniform Resource Identifier <a href="http://www.makepeacehappen.net">http://www.makepeacehappen.net</a>
995 ## - RECOMMENDATION 995 [LOCAL, UNIMARC FRANCE]
-- CBU-MAIN LIBRARY (Kitwe)
-- 1
-- AVAILABLE
-- Aug 1, 2012
-- International Publications
Holdings
Withdrawn status Lost status Source of classification or shelving scheme Damaged status Not for loan Home library Current library Shelving location Date acquired Total Checkouts Full call number Barcode Date last seen Price effective from Koha item type
          CBU-MAIN LIBRARY, KITWE. CBU-MAIN LIBRARY, KITWE.   11/30/2022   ACCORD(02)2012/1 B71 11/30/2022 11/30/2022 MONOGRAPH